| 000 | 00960nab a22002177a 4500 | ||
|---|---|---|---|
| 999 |
_c5320 _d5320 |
||
| 003 | OSt | ||
| 005 | 20260115184457.0 | ||
| 008 | 190605e xxu||||| |||| 00| 0 spa d | ||
| 040 | _cPJ | ||
| 100 |
_96368 _aChiti, Stella Maris |
||
| 245 | 1 | 0 |
_aCreación del padrón de trabajadores independientes con colaboradores / _cStella Maris Chiti. |
| 300 | _ap. 15-17 | ||
| 500 | _aCita Online: AR/DOC/3130/2024. | ||
| 505 | _aSumario: I. Introducción.— II. Breve reseña de la figura del "Trabajador Independiente con Colaboradores".— III. Funcionamiento del "PADIC". | ||
| 505 | _t¿Te interesa el texto completo? Solicitalo al correo: koha@justierradelfuego.gov.ar | ||
| 650 | 0 |
_91316 _aDERECHO LABORAL |
|
| 650 | 0 |
_94965 _aTRABAJADOR AUTONOMO |
|
| 650 | 0 |
_95581 _aREGISTROS PUBLICOS |
|
| 773 | 0 |
_02711 _93168 _dCiudad Autónoma de Buenos Aires : Thomson Reuters La Ley, 1999-2002. _tRevista de derecho del trabajo. Nº 1 - Enero 2025 |
|
| 942 |
_2udc _cANA |
||